| 000 | 00846nam a22001937a 4500 | ||
|---|---|---|---|
| 005 | 20120702170939.0 | ||
| 020 | _c60.00 | ||
| 100 |
_aअशोक कुमार _949861 |
||
| 245 |
_aउपकार प्राथमिक शिक्षक एप्टीट्यूट टेस्ट/ _cअशोक कुमार |
||
| 260 |
_aआगरा _bउपकार प्रकाशन _cव.अ. |
||
| 270 |
_a2/11 ए, स्वदेशी बीमा नगर(शाह सिनेमा के सामने) _e282002 _k2530966 _bआगरा |
||
| 300 |
_a152.पृ. _c24सेंमीं (अजिल्द) |
||
| 490 |
_a _949862 |
||
| 700 | _949816 | ||
| 710 | _949817 | ||
| 942 |
_2ddc _cHN _mअशोक |
||
| 999 |
_c68318 _d68318 |
||